Gaming Quiz

Random Gaming or Video Games Quiz

Video Game Franchise by Character Quiz Stats

 Plays Quiz Updated Feb 16, 2015

Score 0/25 Timer 06:00
16 Plays Today
% Correct
Super Mario Bros
99.9%
Sonic the Hedgehog
95.9%
The Legend of Zelda
93.6%
Grand Theft Auto
89.7%
Halo
89.7%
Tomb Raider
89.2%
Assassin's Creed
86.2%
Call of Duty
85.4%
Crash Bandicoot
80.7%
Hitman
78.7%
Spyro the Dragon
78.3%
Final Fantasy
75.4%
Metal Gear Solid
74.4%
% Correct
God of War
73.4%
Rayman
71.1%
Red Dead
70.3%
Ratchet and Clank
67.4%
Half-Life
66.9%
Bioshock
66.9%
Gears of War
66.8%
Resident Evil
65.2%
The Elder Scrolls
64.3%
Mass Effect
61.1%
Tom Clancy's Splinter Cell
59.1%
Uncharted
59.1%

You're not logged in!

Compare scores with friends on all Sporcle quizzes.
OR
Log In

You Might Also Like...

Show Comments

Extras

Top Quizzes Today


Score Distribution

Your Account Isn't Verified!

In order to create a playlist on Sporcle, you need to verify the email address you used during registration. Go to your Sporcle Settings to finish the process.

Report this User

Report this user for behavior that violates our Community Guidelines.

Details: